TEXTBOOK OF PATHOPHYSIOLOGY (Record no. 32949)

MARC details
000 -LEADER
fixed length control field 00318nam a22001457a 4500
003 - CONTROL NUMBER IDENTIFIER
control field SGT
020 ## - INTERNATIONAL STANDARD BOOK NUMBER
International Standard Book Number 938426617-5
082 ## - DEWEY DECIMAL CLASSIFICATION NUMBER
Classification number 616
Item number GUP
100 ## - MAIN ENTRY--PERSONAL NAME
Personal name GUPTA, DR. M.K.
245 ## - TITLE STATEMENT
Title TEXTBOOK OF PATHOPHYSIOLOGY
260 ## - PUBLICATION, DISTRIBUTION, ETC. (IMPRINT)
Place of publication, distribution, etc INDIA
Name of publisher, distributor, etc BIRLA PUB.
Year of Publication 2026
300 ## - PAGE DESCRIPTION
No. of Pages 235
650 ## - SUBJECT ADDED ENTRY--TOPICAL TERM
Topical term or geographic name as entry element PATHOPHYSIOLOGY
942 ## - ADDED ENTRY ELEMENTS (KOHA)
Source of classification or shelving scheme Dewey Decimal Classification
Koha item type Books
Holdings
Withdrawn status Lost status Source of classification or shelving scheme Damaged status Not for loan Collection code Home library Current library Shelving location Date acquired Vendor Name Cost, normal purchase price SGTU Bill Number Total Checkouts Total Renewals Full call number Accession No. (Barcode) Checked out Date last seen Date last borrowed Bill Date Koha item type
    Dewey Decimal Classification     SCIENCE SGT Science & Social Sciences Library SGT Science & Social Sciences Library Text Book 28/10/2025 ABC 290.00 SGTU 21721 8 1 616 235 DP946 15/06/2026 01/06/2026 01/06/2026 17/09/2025 Books
    Dewey Decimal Classification     SCIENCE SGT Science & Social Sciences Library SGT Science & Social Sciences Library Text Book 28/10/2025 ABC 290.00 SGTU 21721 2   616 235 DP947   04/05/2026 21/04/2026 17/09/2025 Books
    Dewey Decimal Classification     SCIENCE SGT Science & Social Sciences Library SGT Science & Social Sciences Library Text Book 28/10/2025 ABC 290.00 SGTU 21721 2   616 235 DP948   19/05/2026 06/05/2026 17/09/2025 Books
    Dewey Decimal Classification     SCIENCE SGT Science & Social Sciences Library SGT Science & Social Sciences Library Text Book 28/10/2025 ABC 290.00 SGTU 21721 3   616 235 DP949   04/05/2026 21/04/2026 17/09/2025 Books
    Dewey Decimal Classification     SCIENCE SGT Science & Social Sciences Library SGT Science & Social Sciences Library Text Book 28/10/2025 ABC 290.00 SGTU 21721 3   616 235 DP950 27/05/2026 13/05/2026 13/05/2026 17/09/2025 Books